مكتبة جامعة عجلون الوطنية

فهرس بحث المكتبة

Normal view MARC view
  • إعداد المصري، محمد ذيب

Entry Personal Name

Number of records used in: 1

001 - CONTROL NUMBER

  • control field: 46502

003 - CONTROL NUMBER IDENTIFIER

  • control field: JO-AjAnu

005 - DATE AND TIME OF LATEST TRANSACTION

  • control field: 20230606081702.0

008 - FIXED-LENGTH DATA ELEMENTS

  • fixed length control field: 230606|| aca||aabn | a|a d

040 ## - CATALOGING SOURCE

  • Original cataloging agency: JO-AjAnu
  • Transcribing agency: JO-AjAnu

100 ## - HEADING--PERSONAL NAME

  • Personal name: إعداد المصري، محمد ذيب

670 ## - SOURCE DATA FOUND

  • Source citation: Work cat.: (JO-AjAnu)23803: إعداد المصري، محمد ذيب, author, مجموعة القرارات التفسيرية الصادرة عن الديوان الخاص بتفسير القوانين والمجلس العالي لتفسير الدستور منذ سنة 1930-1975، ج2